Les 25 plus grosses ventes de la Ligue 1 - Statistiques

Statistiques générales
  • Ce quiz a été pris 623 fois
    123 depuis la dernière actualisation
  • Le résultat moyen est 11 sur 25
Statistiques - réponses
#1 Saison Montant du transfert Nom % Correct
1 18/19 180 mill.€ Kyllian Mbappé
100%
2 23/24 90 mill.€ Neymar
81%
3 22/23 80 mill.€ Aurélien Tchouaméni
68%
13 17/18 53 mill.€ Alexandre Lacazette
62%
17 17/18 50 mill.€ Bernardo Silva
59%
19 19/20 48 mill.€ Ferland Mendy
58%
4 19/20 80 mill.€ Nicolas Pépé
58%
12 17/18 57,5 mill.€ Benjamin Mendy
57%
6 14/15 75 mill.€ James Rodriguez
56%
5 20/21 78,9 mill.€ Victor Osimhen
56%
7 18/19 72 mill.€ Thomas Lemar
53%
22 23/24 45 mill.€ Bradley Barcola
51%
15 24/25 50 mill.€ Désiré Doué
51%
20 18/19 45 mill.€ Fabinho
42%
8 19/20 62 mill.€ Tanguy Ndombélé
37%
10 15/16 60 mill.€ Anthony Martial
33%
9 24/25 62 mill.€ Leny Yoro
31%
18 19/20 49,5 mill.€ Rafael Leão
28%
21 23/24 45 mill.€ Axel Disasi
23%
11 23/24 60 mill.€ Jérémy Doku
22%
16 24/25 50 mill.€ Manuel Ugarte
22%
25 22/23 42,95 mill.€ Lucas Paqueta
18%
14 24/25 50 mill.€ Xavi Simons
15%
24 23/24 45 mill.€ Marco Veratti
12%
23 19/20 45 mill.€ Youri Tielemans
4%
Aucun quiz correspondant
Distribution des résultats
% des personnes avec chaque résultat
Percentile par nombre de réponses
Votre historique - résultats
Vous n’avez pas pris ce quiz depuis la dernière actualisation